Quizzes
Events
Quiz Creation
Community
Videos
Private Events
Remove Ads
Sign In
Join for FREE
Feedback
Dark Mode
Quiz Categories
Sports
Geography
Music
Movies
Television
Just For Fun
Miscellaneous
History
Literature
Language
Science
Gaming
Entertainment
Religion
Holiday
For Kids
Quiz Lab
Recent
Popular Today
Quiz Kudos Today
Editor Picks
Curator Picks
Quizzes by...
Day
Popularity
Type
Ratings
Length
Year
Community
Subscriptions
Recent Discussions
Orange Saloon
Badges
Playlists
Quests
Create
Leaderboards
Showdown
Live 5
Trivia Bingo
Activity
Puzzle Library
Sporcle Events
Private Events
Virtual Trivia
Globe League
Become a Host
Pub Owners
SporcleCon
Opinionation
Our Games
Videos
Blog
Mobile Apps
Partnerships
Remove Ads and Go Orange
Feedback
Gaming
Video Games
Board Games
Card Games
Pokémon
Mario
Nintendo
Minecraft
Console
Toys
Legend of Zelda
Gaming
Video Games
Board Games
Card Games
Pokémon
Mario
Nintendo
Minecraft
Console
Toys
Legend of Zelda
Random Quiz
Search Sporcle
×
Quiz Lab
Quiz Lab
Gaming
Hockey
Type in answers that appear in a list
Type in answers that appear in a list
Classic
Best Score? Go Orange.
NHL Video Game Covers Stats
Can you name the NHL Video Game Covers?
By
Dave19
3m
17 Questions
287 Plays
287 Plays
287 Plays
Comments
Comments
Give Quiz Kudos
Give Quiz Kudos
-
- Ratings
hide this ad
Replay
Link that replays current quiz
Next Quiz
Link to next quiz in quiz playlist
You Got
0%
They Got
Avg Score
40%
Avg Friend Score
Upgrade to see
Score Distribution
Jump to the score distribution portion of the page
Score
0/17
Timer
03:00
0
Plays Today
Year
Player
% Correct
2010
Patrick Kane
79.4%
2007
Alexander Ovechkin
78%
2003
Jarome Iginla
55.4%
2008
Eric Staal
53.3%
2002
Mario Lemieux
51.2%
2009
Dion Phaneuf
49.8%
2004
Dany Heatley
40.4%
2006
Vincent Lecavalier
40.4%
1998
Peter Forsberg
38.3%
Year
Player
% Correct
1999
Eric Lindros
35.5%
1996
Steve Yzerman
31.7%
2000
Chris Pronger
31.4%
2005
Markus Naslund
30.7%
2001
Owen Nolan
28.2%
1997
John Vanbiesbrouck
22%
1994
Andy Moog
10.1%
1995
Alexei Kovalev
9.1%
Quiz Playlist
Details
Report
Send in Message
Add To Playlist
Classic:
Type in answers that appear in a list
Last Updated: Jun 24, 2017
Quiz Scoreboard
CHALLENGE
Sign Up to Join the Scoreboard
Show All
Scores
Hide
Comments
May contain spoilers
Recently Published
An Introduction to Baseball
by treessimontrees
Sports
5m
Movies - When Are They Set?
by FPL_Elf
Movies
5m
Popular People in 1961
by mucciniale
History
6m
More to Explore
Quiz From the Vault
Featured Blog Post
Where Did the Easter Bunny Come From?
hide this ad
You Might Also Like...
Tags
Hockey Quiz
NHL Quiz
Cover
Player
Video
Today's Top Quizzes in Gaming
Browse Gaming
hide this ad
Today's Top Quizzes in Hockey
Browse Hockey
Top Contributed Quizzes in Gaming
1
Destiny 2 exotic weapons by perk icons
2
5-to-1: Consoles
3
Ultimate Genshin Impact Logic Puzzle (up to 4.3)
4
7-to-1: Board Game Piece Blitz
5
5-to-1: Legend of Zelda
6
Franchise by Action Figure
7
Who's on the WWE 2K24 Cover?
8
Windmill: Pokémon
9
Genshin Impact Logic Puzzle Quiz
10
Legendary or Exotic?
Explore More
Trending Topics
Anime
NBA
Harry Potter
Kpop
Crossword
Disney
Marvel
Country
Soccer
WWE
Pokémon
NFL
The Office
Puzzle
Song
hide this ad
More By:
Dave19
Quiz
Plays
Rating
Category
Featured
Created
NHL Video Game Covers
287
1.00
Gaming
Nov 29, 2009
Go to Creator's Profile
Score Distribution
Quiz Creator Spotlight
Dave19
Follow
Send a Message
Quizzes Created
-
Created Quiz Play Count
-
More By This Creator
Popular Quizzes Today
1
Find the Countries of Europe - No Outlines Minefield
2
Find the US States - No Outlines Minefield
3
The Countries of the World
4
Popular People in 1961
5
US States
6
Find the US States
7
1-10 Letter E Words III
8
Risky Map Clicking: Biggest States A-Z
More Gaming Quizzes
Click the Mega-Evolved Pokémon
Editor's Pick
Trending Quizzes
Risky Map Clicking: Least Populous States A-Z
1-10 Letter F Words
1-10 Letter G Words
One Thing in Common: United Kingdom
Risky Map Clicking: Next State Alphabetically
Recently Updated
Leaping Animals
pecheneg
Reality TV Shows (A-Z)
bhenderson79
Rickey Henderson's Hall of Fame Teammates
pecheneg
Champions League XIs: Arsenal
pecheneg
Quick Pick: Celebrities in WWE's Hall of Fame
aduchscher
A-Z Keypad Blitz II
pecheneg
Multiple Oscar Actors
pecheneg
Mystery Phrase Blitz: Oscar 'Best Actors'
pecheneg
F. Scott Fitzgerald Novels
LTH
Pick 3 Villains
ddd62291
Trending Topics
NBA
Marvel
Kpop
Crossword
Disney
Anime
Harry Potter
Song
The Office
NFL
Soccer
WWE
Country
Pokémon
Puzzle
Your Account Isn't Verified!
In order to create a playlist on Sporcle, you need to verify the email address you used during registration. Go to your
Sporcle Settings
to finish the process.
Report this User
Report this user for behavior that violates our
Community Guidelines
.
Details:
Send Report
Go to the Sporcle.com Mobile Site →
Comments